LEADER 01105nam0 22002773i 450 001 VAN00076111 005 20240806100608.656 100 $a20100706d1996 |0itac50 ba 101 $aita 102 $aIT 105 $a|||| ||||| 200 1 $aCollezionare Trieste$epubblicità e prodotti industriali d'epoca, 1880-1960 ca$fPietro Egidi 210 $a[Milano]$cParnaso$dstampa 1996 215 $a119 p.$cill.$d30 cm. 606 $aDisegni pubblicitari$xTrieste$x1880-1960$3VANC027572$2FI 606 $aProdotti industriali$xTrieste$x1880-1960$3VANC027573$2FI 620 $dMilano$3VANL000284 676 $a741.6709453931$v21 700 1$aEgidi$bPietro$3VANV066353$0454126 712 $aIl parnaso$3VANV111917$4650 801 $aIT$bSOL$c20240906$gRICA 899 $aBIBLIOTECA DEL DIPARTIMENTO DI LETTERE E BENI CULTURALI$1IT-CE0103$2VAN07 912 $aVAN00076111 950 $aBIBLIOTECA DEL DIPARTIMENTO DI LETTERE E BENI CULTURALI$d07CONS Ha 656 aula C $e07 19371 20100706 996 $aCollezionare Trieste$91419726 997 $aUNICAMPANIA LEADER 01483nam0 22003493i 450 001 VAN00270847 005 20251104125426.711 017 70$2N$a9783662669204 100 $a20240201d2023 |0itac50 ba 101 $aeng 102 $aDE 105 $a|||| ||||| 181 $ai$b e 182 $ab 183 $acr 200 1 $a111 Calculation Exercises in the Field of Chemical Technology$fGünter Jüptner 210 $aHeildeberg$cSpringer$d2023 215 $aXIV, 233 p.$c18 b/w illustrations$d24 cm 620 $aDE$dHeildeberg$3VANL002430 676 $a660$cIngegneria chimica e tecnologie connesse$v22 676 $a541$cChimica fisica$v22 676 $a536.7$cTermodinamica$v22 700 1$aJüptner$bGünter$3VANV222441$01358346 712 $aSpringer $3VANV108073$4650 801 $aIT$bSOL$c20251107$gRICA 856 4 $uhttps://link.springer.com/book/10.1007/978-3-662-66920-4$zE-book - Accesso al full-text attraverso riconoscimento IP di Ateneo, proxy e/o Shibboleth 899 $aBIBLIOTECA DEL DIPARTIMENTO DI SCIENZE E TECNOLOGIE AMBIENTALI BIOLOGICHE E FARMACEUTICHE$1IT-CE0101$2VAN17 912 $fN 912 $aVAN00270847 950 $aBIBLIOTECA DEL DIPARTIMENTO DI SCIENZE E TECNOLOGIE AMBIENTALI BIOLOGICHE E FARMACEUTICHE$d17CONS e-book 2308 $e17BIB2308/164 164 20240201 996 $a111 Calculation Exercises in the Field of Chemical Technology$93367533 997 $aUNICAMPANIA